Responses for show #2083 - Wednesday, September 29, 1993

Contestants

[<< previous game]

Roberta Hyman, a manufacturer from Atlantic City, New Jersey

Addison Goodson, a jobs training coordinator from Venice, California

Gary Walters, an entertainment attorney originally from New York City, New York (whose 1-day cash winnings total $9,250)

[next game >>]

Jeopardy! Round responses

HISTORIC NAMES
POP LYRICS
FAMOUS FIRSTS
COUNTIES
ACES
EIGHTS
    $100 1
Monsieur

Gary
    $100 6
(Addison: What is the sunny side of the street?)

downtown

Addison
Triple Stumper
    $100 5
Niagara Falls

Addison
    $100 16
Cook

Gary
    $100 21
one dollar

Gary
    $100 26
(Gary: What is I?)
(Alex: No.)
[Laughter.]
(Addison: What is [*]?]
[Addison had a sigh of relief about being correct.]

H

GaryAddison
    $200 2
Genghis Khan

Gary
    $200 7
Mrs. Robinson

Gary
    $200 12
climb Mount Everest

Gary
    $200 17
California

Gary
    $200 22
ace up one's sleeve (ace in the hole)

Gary
    $200 27
The Big 8

Gary
    $300 3
Lenin

Gary
    $300 9
(Addison: What is um, the, uh, "The Night Billie Joe MacAllister Jumped Off the Tallahassee Bridge, Tallahatchie Bridge?"
[Laughter.]
...
(Alex: I don't think Billie Joe MacAllister jumped off; he threw something off.)

[After the break Alex clarified that Addison was right about Billie Joe later jumping off the bridge.]

"Ode to Billie Joe"

Addison
Triple Stumper
    $300 13
[ERRATUM: The conductor's name is Stokowski.]

Beethoven

Addison
    $300 18
Wyoming

Addison
    $300 23
Ace Hardware

Triple Stumper
    $300 28
octagon

Addison
    $400 4
Elizabeth I

Roberta
    $400 10
(Addison: What is the "Alligator Rock?")
(Alex: No.)
(Addison: Ugh!)

"Crocodile Rock"

GaryAddison
    $400 14
The Jazz Singer

Addison
    $400 19
Pittsburgh

Roberta
    $400 24
bandages

Gary
    $400 29
(Roberta: What are rows or [*]?)

rowers

Roberta
    $500 8
Paderewski

Gary
    $500 11
"Both Sides Now"

Addison
    $500 15
matches

Roberta
    $500 20
(Friedrich) von Steuben

Roberta
    $500 25
cable television

Gary
    $500 30
Snow White and the Seven Dwarfs

Gary

Scores at the first commercial break (after clue 15):

Gary Addison Roberta
$1,900 $500 $900

Scores at the end of the Jeopardy! Round:

Gary Addison Roberta
$4,000 $1,200 $2,200

Double Jeopardy! Round responses

THE BIBLE
POLITICIANS
SCIENCE
AWARDS
THE 20th CENTURY
SHAKESPEAREAN CHARACTERS
    $200 17
Noah's Ark

Gary
    $200 12
Reagan

Gary
    $200 3
whispering

Gary
    $200 9
Kennedy

Gary
    $200 26
China

Gary
    $200 1
(Gary: Who is Banquo?)
...
(Alex: Also called Hamlet.)

Hamlet's father

GaryAddison
    $400 22
Job

Roberta
    $400 13
Tip O'Neill

Roberta
    $400 4
spring

Roberta
    $400 10
Academy Award

Addison
    $400 27
Nicaragua

Gary
    $400 2
Macbeth

Gary
    $1,300 23
Moses

Roberta
    $600 14
(Bob) Dole

Gary
    $600 6
potassium

Gary
    $1,000 18
(Gary: What is the Peabody?)

(1 of) Newbery or Caldecott

Gary
    $600 28
Estes Kefauver

Gary
    $600 5
Portia

Gary
    $800 24
Satan

Triple Stumper
    $800 15
Alaska

Roberta
    $800 7
(Roberta: What is iron?)

iodine

GaryRoberta
    $800 19
(Jackie) Coogan

Gary
    $800 29
Cod War

Triple Stumper
    $800 11
(1 of) Troilus & Cressida (or Romeo and Juliet)

Roberta
    $1000 25
St. Stephen

Roberta
    $1000 16
(Alfonse) D'Amato

Roberta
    $1000 8
(Addison: What is conductor?)

insulator

Addison
Triple Stumper
    $1000 20
Fred Astaire

Roberta
    $1000 30
(Addison: What is arsenic?)

laetrile

Addison
Triple Stumper
    $1000 21
Julius Caesar

Addison

Scores at the end of the Double Jeopardy! Round:

Gary Addison Roberta
$8,600 $800 $8,500

[wagering suggestions for these scores]

Final Jeopardy! Round responses

FLOWERS
AddisonWhat is zinnia
$100
RobertaWhat is a heliotrope?
$8,400
GaryWhat is daffodil
$8,500
anemone

Final scores:

Gary Addison Roberta
$100 $700 $100
2nd place: Gibson 3-piece kitchen & Regal Flavorite cooking system + Jeopardy! home game New champion: $700 3rd place: Curtis Mathes laserdisc video player & Jeopardy! & Wheel of Fortune for SNES and Sega Genesis + Jeopardy! home game

Game dynamics:

Coryat scores:

Gary Addison Roberta
$9,600 $800 $7,800
28 R,
3 W
(including 1 DD)
10 R,
5 W
14 R
(including 2 DDs),
1 W

Combined Coryat: $18,200

The J! Archive is created by fans, for fans. The Jeopardy! game show and all elements thereof, including but not limited to copyright and trademark thereto, are the property of Jeopardy Productions, Inc. and are protected under law. This website is not affiliated with, sponsored by, or operated by Jeopardy Productions, Inc. Join the discussion at JBoard.tv.